| 000 | 00905cam a2200277 a 4500 | ||
|---|---|---|---|
| 001 | 000013453 | ||
| 005 | 20260330121013.0 | ||
| 008 | 760805s1976 sp b 001 0 spa | ||
| 015 | _aSp*** | ||
| 020 | _a8424403886 | ||
| 040 |
_aDO-SdBNP _bspa _cDLC _dBNPHU |
||
| 082 |
_a340.11 _bC238m |
||
| 100 | 1 |
_aCapella, Juan Ramón, _d1939- _930724 |
|
| 245 | 1 | 0 |
_aMateriales para la crítica de la filosofía del estado / _cJuan Ramón Capella. |
| 260 |
_aBarcelona, (España) : _bEditorial Fontanella, _c1976. |
||
| 300 |
_a210 p. ; _c21 cm. |
||
| 490 | 1 |
_aFilosofía ; _v7 |
|
| 490 | 1 | _aLibros de confrontación | |
| 504 | _aIncluye referencias bibliográficas. | ||
| 650 | 4 |
_aFilosofía del estado _930725 |
|
| 650 | 0 |
_aEstado de derecho _910179 |
|
| 830 | 0 |
_aLibros de confrontación _930726 |
|
| 830 | 0 |
_aFilosofía ; _v7 _92459 |
|
| 910 | _aCatalogación por copia/LC | ||
| 999 |
_a1 _n0000163 _c13079 _d13079 |
||
| 049 | _aBNGR | ||